| 000 | 00718nam a2200241 a 4500 | ||
|---|---|---|---|
| 005 | 20210219153116.0 | ||
| 008 | 991125n 000 0 u | ||
| 035 | _aUPN01000078456 | ||
| 100 | _aWalkey, Frank H. | ||
| 222 | _aEDUCATIONAL AND PSYCHOLOGICAL MEASUREMENT | ||
| 245 | _aA exhaustive examination of the replicable factor structure of the Maslach Burnout inventory | ||
| 300 | _a309-324 | ||
| 362 | _a52, No. 2, 1992 | ||
| 505 | _aDiciembre 1992 | ||
| 653 | 0 | _aCONSTRUCCION DE PRUEBAS | |
| 653 | 0 | _aESTRUCTURA FACTORIAL | |
| 653 | 0 | _aINCENDIO | |
| 653 | 0 | _aMEDIDAS (INDIVIDUALES) | |
| 653 | 0 | _aVARIABLES DEL ESTRES | |
| 700 | _aGreen, Dianne E. | ||
| 904 |
_aAC _b016267 |
||
| 905 | _aArticulo | ||
| 999 |
_c68692 _d68692 |
||